Greatest NFL players of all time by # - Statistics

General Stats
  • This quiz has been taken 37 times
  • The average score is 36 of 100
Answer Stats
Hint Answer % Correct
12 Tom Brady
97%
80 Jerry Rice
91%
10 Eli Manning
88%
18 Payton Manning
88%
16 Joe Montana
85%
4 Brett Favre
82%
20 Barry Sanders
79%
21 Deion Sanders
79%
32 Jim Brown
79%
79 Roosevelt Brown
79%
34 Walter Payton
79%
22 Emmitt Smith
76%
31 Jim Taylor
76%
56 Lawrence Taylor
76%
7 John Elway
73%
84 Randy Moss
73%
13 Dan Marino
67%
91 Kevin Greene
67%
52 Ray Lewis
67%
97 Bryant Young
64%
19 Johnny Unitas
64%
92 Reggie White
64%
8 Steve Young
64%
1 Warren Moon
64%
78 Anthony Munoz
61%
9 Drew Brees
61%
99 J.J. Watt
61%
72 Ed "Too Tall" Jones
58%
71 Walter Jones
58%
42 Ronnie Lott
55%
69 Jared Allen
52%
51 Dick Butkus
48%
59 Jack Ham
48%
2 Matt Ryan
48%
17 Philip Rivers
48%
87 Rob Gronkowski
48%
15 Bart Starr
45%
29 Eric Dickerson
45%
40 Gale Sayers
45%
28 Adrian Peterson
39%
81 Dick "Night Train" Lane
39%
11 Larry Fitzgerald
39%
58 Jack Lambert
36%
00 Jim Otto
36%
47 Mel Blount
36%
30 Terrell Davis
36%
35 Aeneas Williams
33%
54 Brian Urlacher
33%
75 "Mean" Joe Greene
30%
89 Mike Ditka
30%
82 Raymond Berry
30%
55 Derrick Brooks
27%
73 John Hannah
27%
39 Larry Csonka
27%
77 Red Grange
27%
95 Richard Dent
27%
26 Rod Woodson
27%
36 Jerome Bettis
24%
93 John Randle
24%
90 Julius Peppers
24%
5 Paul Hornung
24%
33 Sammy Baugh
24%
88 Alan Page
21%
74 Bob Lilly
21%
86 Hines Ward
21%
43 Troy Polamalu
21%
24 Darelle Revis
18%
14 Don Hutson
18%
66 Ray Nitschke
18%
94 Charles Haley
15%
96 Cortez Kennedy
15%
37 Doak Walker
15%
85 Jack Youngblood
15%
83 Tedd Hendricks
15%
61 Bill George
12%
60 Chuck Bednarik
12%
57 Dwight Stephenson
12%
64 Jerry Kramer
12%
3 Bronko Nagurski
9%
23 Devin Hester
9%
45 Emlen Tunnell
9%
25 Fred Biletnikoff
9%
53 Harry Carson
9%
48 Daryl Johnston
6%
62 Jim Langer
6%
98 Robert Mathis
6%
70 Sam Huff
6%
63 Willie Lanier
6%
44 John Riggens
3%
76 Marion Motley
3%
38 Arnie Herber
0%
49 Bobby Mitchell
0%
67 Bob Keuchenberg
0%
65 Garry Zimmerman
0%
27 Ken Houston
0%
41 Matt Snell
0%
50 Mike Singetary
0%
6 Thomas Morstead
0%
46 Todd Christensen
0%
68 Will Shields
0%
No matching quizzes found
Score Distribution
Percent of People with Each Score
Percentile by Number Answered
Your Score History
You have not taken this quiz